<?xml version="1.0" encoding="UTF-8"?>
<record
    xmlns:xsi="http://www.w3.org/2001/XMLSchema-instance"
    xsi:schemaLocation="http://www.loc.gov/MARC21/slim http://www.loc.gov/standards/marcxml/schema/MARC21slim.xsd"
    xmlns="http://www.loc.gov/MARC21/slim">

  <leader>00834nas a2200253 454500</leader>
  <controlfield tag="001">43438</controlfield>
  <controlfield tag="005">20260407193511.0</controlfield>
  <controlfield tag="008">260407s1983####ag###########|||spa#d</controlfield>
  <controlfield tag="003">AR-UNSa-BCEJYS</controlfield>
  <datafield tag="040" ind1=" " ind2=" ">
    <subfield code="a">AR-UNSa-BCEJYS</subfield>
    <subfield code="b">spa</subfield>
    <subfield code="c">AR-UNSa-BCEJYS</subfield>
  </datafield>
  <datafield tag="080" ind1=" " ind2=" ">
    <subfield code="a">331.101.26</subfield>
    <subfield code="x">Econom&#xED;a del trabajo</subfield>
  </datafield>
  <datafield tag="245" ind1="1" ind2="0">
    <subfield code="a">Journal of labor economics</subfield>
  </datafield>
  <datafield tag="022" ind1=" " ind2=" ">
    <subfield code="a">0734-306X</subfield>
  </datafield>
  <datafield tag="264" ind1=" " ind2="1">
    <subfield code="a">Chicago :</subfield>
    <subfield code="b">University of Chicago Press</subfield>
    <subfield code="c">1983</subfield>
  </datafield>
  <datafield tag="310" ind1=" " ind2=" ">
    <subfield code="a">Frecuencia: Trimestral
Cambia de Director a partir del Vol. 19, N&#xBA; 4 por Derek A. Neal</subfield>
  </datafield>
  <datafield tag="041" ind1=" " ind2=" ">
    <subfield code="a">spa</subfield>
  </datafield>
  <datafield tag="942" ind1=" " ind2=" ">
    <subfield code="c">SER</subfield>
  </datafield>
  <datafield tag="590" ind1=" " ind2=" ">
    <subfield code="a">niveau_biblio:s niveau_hierar:1</subfield>
  </datafield>
  <datafield tag="100" ind1="1" ind2=" ">
    <subfield code="a">Lazear, Edward P.</subfield>
  </datafield>
  <datafield tag="650" ind1=" " ind2=" ">
    <subfield code="a">Trabajo</subfield>
  </datafield>
  <datafield tag="650" ind1=" " ind2=" ">
    <subfield code="a">Distribuci&#xF3;n del ingreso</subfield>
  </datafield>
  <datafield tag="650" ind1=" " ind2=" ">
    <subfield code="a">ECONOMIA</subfield>
  </datafield>
  <datafield tag="856" ind1="4" ind2="1">
    <subfield code="u">https://biblioeco.unsa.edu.ar/pmb/images/revistas/R21249.jpg</subfield>
    <subfield code="y">Imagen de portada</subfield>
    <subfield code="q">image/jpeg</subfield>
  </datafield>
  <datafield tag="999" ind1=" " ind2=" ">
    <subfield code="c">8901</subfield>
    <subfield code="d">8901</subfield>
  </datafield>
  <datafield tag="952" ind1=" " ind2=" ">
    <subfield code="0">0</subfield>
    <subfield code="1">0</subfield>
    <subfield code="4">0</subfield>
    <subfield code="7">0</subfield>
    <subfield code="a">BCEJYS</subfield>
    <subfield code="b">BCEJYS</subfield>
    <subfield code="c">13</subfield>
    <subfield code="d">2003-01-01</subfield>
    <subfield code="h">Vol. 21, N&#xBA; 1 - ene. 2003</subfield>
    <subfield code="l">0</subfield>
    <subfield code="o">H331.101.26 JLE v21.n1</subfield>
    <subfield code="p">R21271</subfield>
    <subfield code="r">2026-04-10 16:10:04</subfield>
    <subfield code="w">2026-04-10</subfield>
    <subfield code="y">RN</subfield>
  </datafield>
  <datafield tag="952" ind1=" " ind2=" ">
    <subfield code="0">0</subfield>
    <subfield code="1">0</subfield>
    <subfield code="4">0</subfield>
    <subfield code="7">0</subfield>
    <subfield code="a">BCEJYS</subfield>
    <subfield code="b">BCEJYS</subfield>
    <subfield code="c">13</subfield>
    <subfield code="d">2002-07-01</subfield>
    <subfield code="h">Vol. 20, N&#xBA; 3 - jul. 2002</subfield>
    <subfield code="l">0</subfield>
    <subfield code="o">H331.101.26 JLE v20.n3</subfield>
    <subfield code="p">R21270</subfield>
    <subfield code="r">2026-04-10 16:10:04</subfield>
    <subfield code="w">2026-04-10</subfield>
    <subfield code="y">RN</subfield>
  </datafield>
  <datafield tag="952" ind1=" " ind2=" ">
    <subfield code="0">0</subfield>
    <subfield code="1">0</subfield>
    <subfield code="4">0</subfield>
    <subfield code="7">0</subfield>
    <subfield code="a">BCEJYS</subfield>
    <subfield code="b">BCEJYS</subfield>
    <subfield code="c">13</subfield>
    <subfield code="d">2002-04-15</subfield>
    <subfield code="h">Vol. 20, N&#xBA; 2/2 - abr. 2002</subfield>
    <subfield code="l">0</subfield>
    <subfield code="o">H331.101.26 JLE v20.n2/2</subfield>
    <subfield code="p">R21269</subfield>
    <subfield code="r">2026-04-10 16:10:04</subfield>
    <subfield code="w">2026-04-10</subfield>
    <subfield code="y">RN</subfield>
  </datafield>
  <datafield tag="952" ind1=" " ind2=" ">
    <subfield code="0">0</subfield>
    <subfield code="1">0</subfield>
    <subfield code="4">0</subfield>
    <subfield code="7">0</subfield>
    <subfield code="a">BCEJYS</subfield>
    <subfield code="b">BCEJYS</subfield>
    <subfield code="c">13</subfield>
    <subfield code="d">2002-04-01</subfield>
    <subfield code="h">Vol. 20, N&#xBA; 2/1 - abr. 2002</subfield>
    <subfield code="l">0</subfield>
    <subfield code="o">H331.101.26 JLE v20.n2/1</subfield>
    <subfield code="p">R21268</subfield>
    <subfield code="r">2026-04-10 16:10:04</subfield>
    <subfield code="w">2026-04-10</subfield>
    <subfield code="y">RN</subfield>
  </datafield>
  <datafield tag="952" ind1=" " ind2=" ">
    <subfield code="0">0</subfield>
    <subfield code="1">0</subfield>
    <subfield code="4">0</subfield>
    <subfield code="7">0</subfield>
    <subfield code="a">BCEJYS</subfield>
    <subfield code="b">BCEJYS</subfield>
    <subfield code="c">13</subfield>
    <subfield code="d">2002-01-01</subfield>
    <subfield code="h">Vol. 20, N&#xBA; 1 - ene. 2000</subfield>
    <subfield code="l">0</subfield>
    <subfield code="o">H331.101.26 JLE v20.n1</subfield>
    <subfield code="p">R21267</subfield>
    <subfield code="r">2026-04-10 16:10:04</subfield>
    <subfield code="w">2026-04-10</subfield>
    <subfield code="y">RN</subfield>
  </datafield>
  <datafield tag="952" ind1=" " ind2=" ">
    <subfield code="0">0</subfield>
    <subfield code="1">0</subfield>
    <subfield code="4">0</subfield>
    <subfield code="7">0</subfield>
    <subfield code="a">BCEJYS</subfield>
    <subfield code="b">BCEJYS</subfield>
    <subfield code="c">13</subfield>
    <subfield code="d">2001-10-01</subfield>
    <subfield code="h">Vol. 19, N&#xBA; 4 - oct. 2001</subfield>
    <subfield code="l">0</subfield>
    <subfield code="o">H331.101.26 JLE v19.n4</subfield>
    <subfield code="p">R21266</subfield>
    <subfield code="r">2026-04-10 16:10:04</subfield>
    <subfield code="w">2026-04-10</subfield>
    <subfield code="y">RN</subfield>
  </datafield>
  <datafield tag="952" ind1=" " ind2=" ">
    <subfield code="0">0</subfield>
    <subfield code="1">0</subfield>
    <subfield code="4">0</subfield>
    <subfield code="7">0</subfield>
    <subfield code="a">BCEJYS</subfield>
    <subfield code="b">BCEJYS</subfield>
    <subfield code="c">13</subfield>
    <subfield code="d">2001-07-01</subfield>
    <subfield code="h">Vol. 19, N&#xBA; 3 - jul. 2001</subfield>
    <subfield code="l">0</subfield>
    <subfield code="o">H331.101.26 JLE v19.n3</subfield>
    <subfield code="p">R21265</subfield>
    <subfield code="r">2026-04-10 16:10:04</subfield>
    <subfield code="w">2026-04-10</subfield>
    <subfield code="y">RN</subfield>
  </datafield>
  <datafield tag="952" ind1=" " ind2=" ">
    <subfield code="0">0</subfield>
    <subfield code="1">0</subfield>
    <subfield code="4">0</subfield>
    <subfield code="7">0</subfield>
    <subfield code="a">BCEJYS</subfield>
    <subfield code="b">BCEJYS</subfield>
    <subfield code="c">13</subfield>
    <subfield code="d">2001-04-01</subfield>
    <subfield code="h">Vol. 19, N&#xBA; 2 - abr. 2001</subfield>
    <subfield code="l">0</subfield>
    <subfield code="o">H331.101.26 JLE v19.n2</subfield>
    <subfield code="p">R21264</subfield>
    <subfield code="r">2026-04-10 16:10:04</subfield>
    <subfield code="w">2026-04-10</subfield>
    <subfield code="y">RN</subfield>
  </datafield>
  <datafield tag="952" ind1=" " ind2=" ">
    <subfield code="0">0</subfield>
    <subfield code="1">0</subfield>
    <subfield code="4">0</subfield>
    <subfield code="7">0</subfield>
    <subfield code="a">BCEJYS</subfield>
    <subfield code="b">BCEJYS</subfield>
    <subfield code="c">13</subfield>
    <subfield code="d">2001-01-01</subfield>
    <subfield code="h">Vol. 19, N&#xBA; 1 - ene. 2001</subfield>
    <subfield code="l">0</subfield>
    <subfield code="o">H331.101.26 JLE v19.n1</subfield>
    <subfield code="p">R21263</subfield>
    <subfield code="r">2026-04-10 16:10:04</subfield>
    <subfield code="w">2026-04-10</subfield>
    <subfield code="y">RN</subfield>
  </datafield>
  <datafield tag="952" ind1=" " ind2=" ">
    <subfield code="0">0</subfield>
    <subfield code="1">0</subfield>
    <subfield code="4">0</subfield>
    <subfield code="7">0</subfield>
    <subfield code="a">BCEJYS</subfield>
    <subfield code="b">BCEJYS</subfield>
    <subfield code="c">13</subfield>
    <subfield code="d">2000-10-01</subfield>
    <subfield code="h">Vol. 18, N&#xBA; 4 - oct. 2000</subfield>
    <subfield code="l">0</subfield>
    <subfield code="o">H331.101.26 JLE v18.n4</subfield>
    <subfield code="p">R21262</subfield>
    <subfield code="r">2026-04-10 16:10:04</subfield>
    <subfield code="w">2026-04-10</subfield>
    <subfield code="y">RN</subfield>
  </datafield>
  <datafield tag="952" ind1=" " ind2=" ">
    <subfield code="0">0</subfield>
    <subfield code="1">0</subfield>
    <subfield code="4">0</subfield>
    <subfield code="7">0</subfield>
    <subfield code="a">BCEJYS</subfield>
    <subfield code="b">BCEJYS</subfield>
    <subfield code="c">13</subfield>
    <subfield code="d">2000-07-01</subfield>
    <subfield code="h">Vol. 18, N&#xBA; 3 - jul. 2000</subfield>
    <subfield code="l">0</subfield>
    <subfield code="o">H331.101.26 JLE v18.n3</subfield>
    <subfield code="p">R21261</subfield>
    <subfield code="r">2026-04-10 16:10:04</subfield>
    <subfield code="w">2026-04-10</subfield>
    <subfield code="y">RN</subfield>
  </datafield>
  <datafield tag="952" ind1=" " ind2=" ">
    <subfield code="0">0</subfield>
    <subfield code="1">0</subfield>
    <subfield code="4">0</subfield>
    <subfield code="7">0</subfield>
    <subfield code="a">BCEJYS</subfield>
    <subfield code="b">BCEJYS</subfield>
    <subfield code="c">13</subfield>
    <subfield code="d">2000-04-01</subfield>
    <subfield code="h">Vol. 18, N&#xBA; 2 - abr. 2000</subfield>
    <subfield code="l">0</subfield>
    <subfield code="o">H331.101.26 JLE v18.n2</subfield>
    <subfield code="p">R21260</subfield>
    <subfield code="r">2026-04-10 16:10:04</subfield>
    <subfield code="w">2026-04-10</subfield>
    <subfield code="y">RN</subfield>
  </datafield>
  <datafield tag="952" ind1=" " ind2=" ">
    <subfield code="0">0</subfield>
    <subfield code="1">0</subfield>
    <subfield code="4">0</subfield>
    <subfield code="7">0</subfield>
    <subfield code="a">BCEJYS</subfield>
    <subfield code="b">BCEJYS</subfield>
    <subfield code="c">13</subfield>
    <subfield code="d">2000-01-01</subfield>
    <subfield code="h">Vol. 18, N&#xBA; 1 - ene. 2000</subfield>
    <subfield code="l">0</subfield>
    <subfield code="o">H331.101.26 JLE v18.n1</subfield>
    <subfield code="p">R21259</subfield>
    <subfield code="r">2026-04-10 16:10:04</subfield>
    <subfield code="w">2026-04-10</subfield>
    <subfield code="y">RN</subfield>
  </datafield>
  <datafield tag="952" ind1=" " ind2=" ">
    <subfield code="0">0</subfield>
    <subfield code="1">0</subfield>
    <subfield code="4">0</subfield>
    <subfield code="7">0</subfield>
    <subfield code="a">BCEJYS</subfield>
    <subfield code="b">BCEJYS</subfield>
    <subfield code="c">17</subfield>
    <subfield code="d">1999-10-15</subfield>
    <subfield code="h">Vol. 17, N&#xBA; 4/2 - oct. 1999</subfield>
    <subfield code="l">0</subfield>
    <subfield code="o">H331.101.26 JLE v17.n4/2</subfield>
    <subfield code="p">R21662</subfield>
    <subfield code="r">2026-04-10 16:10:04</subfield>
    <subfield code="w">2026-04-10</subfield>
    <subfield code="y">RN</subfield>
  </datafield>
  <datafield tag="952" ind1=" " ind2=" ">
    <subfield code="0">0</subfield>
    <subfield code="1">0</subfield>
    <subfield code="4">0</subfield>
    <subfield code="7">0</subfield>
    <subfield code="a">BCEJYS</subfield>
    <subfield code="b">BCEJYS</subfield>
    <subfield code="c">13</subfield>
    <subfield code="d">1999-10-01</subfield>
    <subfield code="h">Vol. 17, N&#xBA; 4/1 - oct. 1999</subfield>
    <subfield code="l">0</subfield>
    <subfield code="o">H331.101.26 JLE v17.n4/1</subfield>
    <subfield code="p">R21258</subfield>
    <subfield code="r">2026-04-10 16:10:04</subfield>
    <subfield code="w">2026-04-10</subfield>
    <subfield code="y">RN</subfield>
  </datafield>
  <datafield tag="952" ind1=" " ind2=" ">
    <subfield code="0">0</subfield>
    <subfield code="1">0</subfield>
    <subfield code="4">0</subfield>
    <subfield code="7">0</subfield>
    <subfield code="a">BCEJYS</subfield>
    <subfield code="b">BCEJYS</subfield>
    <subfield code="c">13</subfield>
    <subfield code="d">1999-07-01</subfield>
    <subfield code="h">Vol. 17, N&#xBA; 3 - jul. 1999</subfield>
    <subfield code="l">0</subfield>
    <subfield code="o">H331.101.26 JLE v17.n3</subfield>
    <subfield code="p">R21257</subfield>
    <subfield code="r">2026-04-10 16:10:04</subfield>
    <subfield code="w">2026-04-10</subfield>
    <subfield code="y">RN</subfield>
  </datafield>
  <datafield tag="952" ind1=" " ind2=" ">
    <subfield code="0">0</subfield>
    <subfield code="1">0</subfield>
    <subfield code="4">0</subfield>
    <subfield code="7">0</subfield>
    <subfield code="a">BCEJYS</subfield>
    <subfield code="b">BCEJYS</subfield>
    <subfield code="c">13</subfield>
    <subfield code="d">1999-04-01</subfield>
    <subfield code="h">Vol. 17, N&#xBA; 2 - abr. 1999</subfield>
    <subfield code="l">0</subfield>
    <subfield code="o">H331.101.26 JLE v17.n2</subfield>
    <subfield code="p">R21256</subfield>
    <subfield code="r">2026-04-10 16:10:04</subfield>
    <subfield code="w">2026-04-10</subfield>
    <subfield code="y">RN</subfield>
  </datafield>
  <datafield tag="952" ind1=" " ind2=" ">
    <subfield code="0">0</subfield>
    <subfield code="1">0</subfield>
    <subfield code="4">0</subfield>
    <subfield code="7">0</subfield>
    <subfield code="a">BCEJYS</subfield>
    <subfield code="b">BCEJYS</subfield>
    <subfield code="c">13</subfield>
    <subfield code="d">1999-01-01</subfield>
    <subfield code="h">Vol. 17, N&#xBA; 1 - ene. 1999</subfield>
    <subfield code="l">0</subfield>
    <subfield code="o">H331.101.26 JLE v17.n1</subfield>
    <subfield code="p">R21255</subfield>
    <subfield code="r">2026-04-10 16:10:04</subfield>
    <subfield code="w">2026-04-10</subfield>
    <subfield code="y">RN</subfield>
  </datafield>
  <datafield tag="952" ind1=" " ind2=" ">
    <subfield code="0">0</subfield>
    <subfield code="1">0</subfield>
    <subfield code="4">0</subfield>
    <subfield code="7">0</subfield>
    <subfield code="a">BCEJYS</subfield>
    <subfield code="b">BCEJYS</subfield>
    <subfield code="c">13</subfield>
    <subfield code="d">1998-10-01</subfield>
    <subfield code="h">Vol. 16, N&#xBA; 4 - oct. 1998</subfield>
    <subfield code="l">0</subfield>
    <subfield code="o">H331.101.26 JLE v16.n4</subfield>
    <subfield code="p">R21254</subfield>
    <subfield code="r">2026-04-10 16:10:04</subfield>
    <subfield code="w">2026-04-10</subfield>
    <subfield code="y">RN</subfield>
  </datafield>
  <datafield tag="952" ind1=" " ind2=" ">
    <subfield code="0">0</subfield>
    <subfield code="1">0</subfield>
    <subfield code="4">0</subfield>
    <subfield code="7">0</subfield>
    <subfield code="a">BCEJYS</subfield>
    <subfield code="b">BCEJYS</subfield>
    <subfield code="c">13</subfield>
    <subfield code="d">1998-07-01</subfield>
    <subfield code="h">Vol. 16, N&#xBA; 3 - jul. 1998</subfield>
    <subfield code="l">0</subfield>
    <subfield code="o">H331.101.26 JLE v16.n3</subfield>
    <subfield code="p">R21253</subfield>
    <subfield code="r">2026-04-10 16:10:04</subfield>
    <subfield code="w">2026-04-10</subfield>
    <subfield code="y">RN</subfield>
  </datafield>
  <datafield tag="952" ind1=" " ind2=" ">
    <subfield code="0">0</subfield>
    <subfield code="1">0</subfield>
    <subfield code="4">0</subfield>
    <subfield code="7">0</subfield>
    <subfield code="a">BCEJYS</subfield>
    <subfield code="b">BCEJYS</subfield>
    <subfield code="c">13</subfield>
    <subfield code="d">1998-04-01</subfield>
    <subfield code="h">Vol. 16, N&#xBA; 2 - abr. 1998</subfield>
    <subfield code="l">0</subfield>
    <subfield code="o">H331.101.26 JLE v16.n2</subfield>
    <subfield code="p">R21249</subfield>
    <subfield code="r">2026-04-10 16:10:04</subfield>
    <subfield code="w">2026-04-10</subfield>
    <subfield code="y">RN</subfield>
  </datafield>
</record>
